Trigonometry / (Record no. 4732)

MARC details
000 -LEADER
fixed length control field 00851nam a2200253 4500
001 - CONTROL NUMBER
control field 3787186
005 - DATE AND TIME OF LATEST TRANSACTION
control field 20150413151421.0
007 - PHYSICAL DESCRIPTION FIXED FIELD--GENERAL INFORMATION
fixed length control field 000
008 - FIXED-LENGTH DATA ELEMENTS--GENERAL INFORMATION
fixed length control field 000
010 ## - LIBRARY OF CONGRESS CONTROL NUMBER
LC control number 84017290
020 ## - INTERNATIONAL STANDARD BOOK NUMBER
International Standard Book Number 0314866620 :
Terms of availability $19.95
040 ## - CATALOGING SOURCE
Original cataloging agency UOEL
Transcribing agency DLC
Modifying agency DLC
050 00 - LIBRARY OF CONGRESS CALL NUMBER
Classification number QA533
Item number .S84 1985
082 00 - DEWEY DECIMAL CLASSIFICATION NUMBER
Classification number 516.2/4
Edition number 19
100 1# - MAIN ENTRY--PERSONAL NAME
Personal name Steinlage, Ralph C.
245 10 - TITLE STATEMENT
Title Trigonometry /
Statement of responsibility, etc Ralph C. Steinlage.
260 ## - PUBLICATION, DISTRIBUTION, ETC. (IMPRINT)
Place of publication, distribution, etc St. Paul :
Name of publisher, distributor, etc West,
Date of publication, distribution, etc c1985.
300 ## - PHYSICAL DESCRIPTION
Extent xii, 408 p. :
Other physical details ill. ;
Dimensions 27 cm.
500 ## - GENERAL NOTE
General note Includes index.
650 #0 - SUBJECT ADDED ENTRY--TOPICAL TERM
Topical term or geographic name as entry element Plane trigonometry.
General subdivision Mathematics
906 ## - LOCAL DATA ELEMENT F, LDF (RLIN)
a 7
b cbc
c orignew
d 1
e ocip
f 19
g y-gencatlg
942 ## - ADDED ENTRY ELEMENTS (KOHA)
Source of classification or shelving scheme Library of Congress Classification
Item type Loan - Normal on open shelf
Holdings
Withdrawn status Lost status Source of classification or shelving scheme Damaged status Not for loan Home library Current library Shelving location Date acquired Total Checkouts Full call number Barcode Date last seen Copy number Price effective from Koha item type
    Library of Congress Classification     UOE Main Library UOE Main Library Open shelf 13/04/2015   QA533 .S84 1985 20147336 27/04/2026 20147336 13/04/2015 Loan - Normal on open shelf